Statistics for European Countries by Muslim Population

Click here to take the quiz!

General Stats

  • This quiz has been taken 75 times
  • The average score is 8 of 10

Answer Stats

%Country% Correct
58.8Albania
97%
50.7Bosnia-Herzegovina
96%
7.5France
93%
7.8Bulgaria
87%
33.3North Macedonia
87%
6.5Russia
82%
19.1Montenegro
76%
8.1Sweden
76%
5.9Belgium
66%
8Austria
65%

Score Distribution

Percentile by Number Answered

Percent of People with Each Score

Your Score History

You have not taken this quiz